[Event "Titled Tue 27th May Late"]
[Site "chess.com INT"]
[Date "2025.05.27"]
[Round "1"]
[White "Storn, Justin"]
[Black "Rosen, Eric"]
[Result "0-1"]
[BlackTitle "IM"]
[WhiteElo "2073"]
[BlackElo "2377"]
[WhiteFideId "30922720"]
[BlackFideId "2032562"]
[EventDate "2025.05.27"]

1. Nf3 d5 2. g3 Nf6 3. Bg2 e6 4. O-O Be7 5. c4 O-O 6. d4 a5 7. Qc2 Nc6 8. Rd1
Nb4 9. Qc3 Ne4 10. Qe3 Nc2 0-1

[Event "Titled Tue 27th May Late"]
[Site "chess.com INT"]
[Date "2025.05.27"]
[Round "1"]
[White "Ozates, Tuna"]
[Black "Khandhadia, Nivaan Rathin"]
[Result "1-0"]
[WhiteTitle "FM"]
[BlackTitle "CM"]
[WhiteElo "2217"]
[BlackElo "2112"]
[WhiteFideId "6354521"]
[BlackFideId "25753274"]
[EventDate "2025.05.27"]

1. d4 d5 2. Nf3 Nf6 3. Nbd2 e6 4. e3 c5 5. c3 Nc6 6. Bd3 Be7 7. O-O O-O 8. dxc5
Bxc5 9. e4 dxe4 10. Nxe4 Nxe4 11. Bxe4 Qc7 12. Bxh7+ Kxh7 13. Ng5+ Kh8 14. Qh5+ 1-0

[Event "Titled Tue 27th May Late"]
[Site "chess.com INT"]
[Date "2025.05.27"]
[Round "1"]
[White "Sakmak, Kutay"]
[Black "Hariharan, Shambavi"]
[Result "1-0"]
[WhiteTitle "CM"]
[BlackTitle "WCM"]
[WhiteElo "2158"]
[BlackElo "1892"]
[WhiteFideId "44581939"]
[BlackFideId "488160"]
[EventDate "2025.05.27"]

1. e4 e5 2. Nf3 Nc6 3. Nc3 Nf6 4. a3 a6 5. d4 exd4 6. Nxd4 Nxd4 7. Qxd4 d6 8.
Bd2 Be7 9. f3 Be6 10. O-O-O Qd7 11. g4 O-O-O 12. g5 Ne8 13. f4 f6 14. Qa7 Qc6
15. Nd5 Bxd5 16. Bh3+ Rd7 17. Qa8# 1-0

[Event "Titled Tue 27th May Late"]
[Site "chess.com INT"]
[Date "2025.05.27"]
[Round "1"]
[White "Suleymanli, Suleyman"]
[Black "Schuster, Karsten"]
[Result "1-0"]
[WhiteTitle "FM"]
[BlackTitle "FM"]
[WhiteElo "2322"]
[BlackElo "2266"]
[WhiteFideId "13416375"]
[BlackFideId "4611071"]
[EventDate "2025.05.27"]

1. Nf3 d5 2. g3 Nf6 3. Bg2 c6 4. O-O Bg4 5. h3 Bxf3 6. Bxf3 e6 7. d3 Bc5 8. c4
O-O 9. cxd5 exd5 10. Nc3 Qc7 11. e4 Qxg3+ 12. Bg2 Qh4 13. d4 Bb4 14. e5 Nh5 15.
Qg4 Be7 16. f4 g6 17. f5 Bb4 18. Qxh4 1-0

[Event "Titled Tue 27th May Late"]
[Site "chess.com INT"]
[Date "2025.05.27"]
[Round "1"]
[White "Sivakumar, Shaashwath"]
[Black "Khlebovich, Alexander"]
[Result "0-1"]
[WhiteTitle "FM"]
[BlackTitle "IM"]
[WhiteElo "2234"]
[BlackElo "2423"]
[WhiteFideId "30912156"]
[BlackFideId "4169123"]
[EventDate "2025.05.27"]

1. d4 Nf6 2. c4 g6 3. Nc3 d5 4. cxd5 Nxd5 5. e4 Nxc3 6. bxc3 Bg7 7. Nf3 c5 8.
Rb1 O-O 9. Be2 cxd4 10. cxd4 Qa5+ 11. Bd2 Qxa2 12. O-O b6 13. Qc1 Qe6 14. Qc2
Ba6 15. d5 Qc8 16. Qxc8 Rxc8 17. Bxa6 Nxa6 18. Rfc1 Rxc1+ 19. Rxc1 Nc5 20. Bb4
Nd3 21. Rb1 Nxb4 22. Rxb4 a5 0-1

[Event "Titled Tue 27th May Late"]
[Site "chess.com INT"]
[Date "2025.05.27"]
[Round "1"]
[White "Arabidze, Meri"]
[Black "Kochavi, Dana"]
[Result "1-0"]
[WhiteTitle "IM"]
[BlackTitle "FM"]
[WhiteElo "2440"]
[BlackElo "2226"]
[WhiteFideId "13604040"]
[BlackFideId "2837137"]
[EventDate "2025.05.27"]

1. b3 Nf6 2. Bb2 d5 3. e3 c5 4. f4 Nc6 5. Bb5 Bd7 6. Nf3 a6 7. Bxc6 Bxc6 8. Ne5
Qc8 9. d3 g6 10. Nd2 Bg7 11. Nxc6 Qxc6 12. Nf3 O-O 13. Be5 b5 14. O-O Rfd8 15.
Qe2 c4 16. Nd4 Qc8 17. bxc4 dxc4 18. a4 Nd5 19. Bxg7 Kxg7 20. axb5 Nc3 21. Qf3
Nxb5 22. Nc6 Rd7 23. Ne5 Rc7 24. Nxc4 Nd6 25. Nb6 1-0

[Event "Titled Tue 27th May Late"]
[Site "chess.com INT"]
[Date "2025.05.27"]
[Round "1"]
[White "Schulz, Michael1"]
[Black "Carlsson, Ludvig"]
[Result "0-1"]
[WhiteTitle "FM"]
[BlackTitle "IM"]
[WhiteElo "2069"]
[BlackElo "2374"]
[WhiteFideId "4616731"]
[BlackFideId "1727010"]
[EventDate "2025.05.27"]

1. d4 Nf6 2. Bg5 d5 3. Bxf6 gxf6 4. e3 e6 5. Nc3 c5 6. Qh5 cxd4 7. exd4 Nc6 8.
O-O-O Bd7 9. Bb5 Qb6 10. Nge2 a6 11. Bxc6 Qxc6 12. Rhe1 Bb4 13. a3 Be7 14. Nf4
Rc8 15. Nfxd5 exd5 16. Rxe7+ Kxe7 17. Nxd5+ Kd8 18. c3 Qe6 19. Nf4 Qf5 20. Nd3
Qxh5 0-1

[Event "Titled Tue 27th May Late"]
[Site "chess.com INT"]
[Date "2025.05.27"]
[Round "1"]
[White "Galchenko, Matvey"]
[Black "Sukandar, Irine Kharisma"]
[Result "1-0"]
[WhiteTitle "IM"]
[BlackTitle "IM"]
[WhiteElo "2442"]
[BlackElo "2330"]
[WhiteFideId "24175480"]
[BlackFideId "7101937"]
[EventDate "2025.05.27"]

1. f4 e5 2. fxe5 d6 3. Nf3 dxe5 4. e4 Nc6 5. Bc4 Bc5 6. Qe2 h6 7. Bxf7+ Kxf7 8.
Qc4+ Be6 9. Qxc5 Nf6 10. d3 Rf8 11. O-O Kg8 12. Nxe5 Nxe5 13. Qxe5 Qd7 14. Bf4
Rae8 15. Qxc7 Qd4+ 16. Kh1 Ng4 17. Nd2 Nf2+ 18. Rxf2 Qxf2 19. Nf3 Bh3 20. Rg1
Bxg2+ 21. Rxg2 Qxf3 22. Qxg7# 1-0

[Event "Titled Tue 27th May Late"]
[Site "chess.com INT"]
[Date "2025.05.27"]
[Round "1"]
[White "Danila, Tudor-Gabriel"]
[Black "Denishev, Marat"]
[Result "0-1"]
[WhiteTitle "CM"]
[BlackTitle "FM"]
[WhiteElo "2178"]
[BlackElo "2111"]
[WhiteFideId "1274244"]
[BlackFideId "24131563"]
[EventDate "2025.05.27"]

1. e4 c5 2. c3 d5 3. exd5 Nf6 4. Qa4+ Nbd7 5. Qb3 g6 6. Nf3 Bg7 7. d4 cxd4 8.
Nxd4 O-O 9. Be3 Nc5 10. Qa3 Qxd5 11. Nd2 e5 12. Nb5 Nd3+ 13. Bxd3 Qxd3 14. Nc7
Bg4 15. Nf3 Bxf3 16. gxf3 Rac8 17. Rd1 Qf5 18. Nb5 Qxf3 19. Rg1 Ng4 20. Bxa7
Qe4+ 21. Kd2 Bh6+ 22. Be3 Nxe3 0-1

[Event "Titled Tue 27th May Late"]
[Site "chess.com INT"]
[Date "2025.05.27"]
[Round "1"]
[White "Pyrih, Roman"]
[Black "Kang, Dorian"]
[Result "1-0"]
[WhiteTitle "FM"]
[BlackTitle "CM"]
[WhiteElo "2429"]
[BlackElo "2047"]
[WhiteFideId "14179156"]
[BlackFideId "2619156"]
[EventDate "2025.05.27"]

1. Nc3 d5 2. e4 c6 3. d4 dxe4 4. Nxe4 Nf6 5. Ng5 Bg4 6. N1f3 e6 7. Bc4 h6 8.
Nxf7 Kxf7 9. Ne5+ Ke8 10. Nxg4 Nbd7 11. O-O Bd6 12. Bxe6 Nf8 13. Bb3 Kd7 14.
Ne5+ Bxe5 15. dxe5+ Nd5 16. c4 Kc7 17. cxd5 cxd5 18. Qxd5 Qxd5 19. Bxd5 Rd8 20.
Bb3 Ng6 21. Be3 b6 22. Rac1+ Kb7 23. f4 Ne7 24. f5 Rhf8 25. f6 gxf6 26. exf6 Nd5
27. Bxh6 1-0

[Event "Titled Tue 27th May Late"]
[Site "chess.com INT"]
[Date "2025.05.27"]
[Round "1"]
[White "Hadzovic, Amir"]
[Black "Butti, Enrique"]
[Result "0-1"]
[WhiteTitle "FM"]
[BlackTitle "CM"]
[WhiteElo "2354"]
[BlackElo "1998"]
[WhiteFideId "14402300"]
[BlackFideId "3700470"]
[EventDate "2025.05.27"]

1. e4 c6 2. Nf3 d5 3. d3 Bg4 4. h3 Bxf3 5. Qxf3 e6 6. g3 Nd7 7. Bg2 Bd6 8. O-O
Ne7 9. Nd2 O-O 10. Nb3 a5 11. a4 Ng6 12. h4 dxe4 13. dxe4 Nge5 14. Qe2 Nb6 15.
h5 h6 16. Bd2 Nec4 17. Bc3 Be5 18. Bxe5 Nxe5 19. Nc5 Qe7 20. Nd3 Nxd3 21. Qxd3
Qb4 22. b3 Rfd8 23. Qe3 Nd7 24. Rad1 Ne5 25. f4 Ng4 26. Qe2 Qc5+ 27. Kh1 Qxh5+
28. Kg1 Qh2# 0-1

[Event "Titled Tue 27th May Late"]
[Site "chess.com INT"]
[Date "2025.05.27"]
[Round "1"]
[White "Kikuchi Cadilhac, Mariana Sawae"]
[Black "Radchenko, Alexey"]
[Result "0-1"]
[WhiteTitle "WFM"]
[BlackTitle "FM"]
[WhiteElo "1849"]
[BlackElo "2293"]
[WhiteFideId "2144433"]
[BlackFideId "4192362"]
[EventDate "2025.05.27"]

1. d4 d5 2. c4 c6 3. Nc3 Nf6 4. e3 g6 5. Nf3 Bg7 6. Be2 O-O 7. O-O dxc4 8. Bxc4
b5 9. Bd3 b4 10. Ne2 Bb7 11. Ng3 a5 12. b3 Nbd7 13. Bb2 c5 14. Rc1 cxd4 15. Nxd4
Qb6 16. Be2 Rfd8 17. Bf3 e5 18. Qe1 exd4 19. Bxd4 Qa6 20. Be2 Qe6 21. Bc4 Qc6
22. Bxf7+ Kxf7 23. Rxc6 Bxc6 24. Qa1 Rac8 25. f4 Bb5 26. Re1 Nf8 27. f5 Rc2 28.
fxg6+ hxg6 29. Ne4 Nxe4 30. Bxg7 Rdd2 31. Bxf8 Rxg2+ 0-1

[Event "Titled Tue 27th May Late"]
[Site "chess.com INT"]
[Date "2025.05.27"]
[Round "1"]
[White "Avramidou, Anastasia"]
[Black "Borisov, Yuri"]
[Result "1-0"]
[WhiteTitle "FM"]
[BlackTitle "FM"]
[WhiteElo "2294"]
[BlackElo "2285"]
[WhiteFideId "4239873"]
[BlackFideId "1503928"]
[EventDate "2025.05.27"]

1. Nf3 e6 2. c4 f5 3. d3 Nf6 4. Nc3 d5 5. g3 d4 6. Nb1 c5 7. Bg2 Nc6 8. O-O Bd6
9. Na3 O-O 10. Nc2 e5 11. e3 e4 12. Nfe1 dxe3 13. Bxe3 Be6 14. b3 Qc7 15. dxe4
fxe4 16. Na3 a6 17. Nec2 Rad8 18. Qc1 Ne5 19. Bg5 Nd3 20. Qe3 Ng4 21. Qxe4 Bf5
22. Qd5+ Kh8 23. Bxd8 Rxd8 24. Qxf5 Ndxf2 25. Rxf2 Nxf2 26. Qxf2 Rf8 27. Qe2 1-0

[Event "Titled Tue 27th May Late"]
[Site "chess.com INT"]
[Date "2025.05.27"]
[Round "1"]
[White "Dudzinski, Piotr"]
[Black "Romero Ruscalleda, Josep"]
[Result "0-1"]
[WhiteTitle "FM"]
[BlackTitle "FM"]
[WhiteElo "2335"]
[BlackElo "2110"]
[WhiteFideId "1119362"]
[BlackFideId "2231859"]
[EventDate "2025.05.27"]

1. e4 g6 2. Nf3 Bg7 3. Bc4 d6 4. O-O Nf6 5. d3 O-O 6. h3 c6 7. Bb3 a5 8. a4 Na6
9. Be3 Nc5 10. Bxc5 dxc5 11. Nbd2 b5 12. Qe2 Nh5 13. Rab1 e5 14. Qe3 Qe7 15.
axb5 cxb5 16. Bd5 Rb8 17. c4 Bd7 18. Kh2 Nf4 19. b3 Bh6 20. Ng1 Kg7 21. Qf3 Nxd5
22. exd5 Bxd2 23. Rbd1 Bh6 24. g3 a4 25. bxa4 bxa4 26. Qe2 Qd6 27. Ra1 Rb3 28.
Nf3 f6 29. Ra2 Rfb8 30. Qc2 Qb6 31. Nd2 Rb2 0-1

[Event "Titled Tue 27th May Late"]
[Site "chess.com INT"]
[Date "2025.05.27"]
[Round "1"]
[White "Mujumdar, Sameer"]
[Black "Xiong, Jeffery"]
[Result "0-1"]
[BlackTitle "GM"]
[WhiteElo "2029"]
[BlackElo "2636"]
[WhiteFideId "2029707"]
[BlackFideId "2047640"]
[EventDate "2025.05.27"]

1. d4 d5 2. c4 e6 3. Nf3 Nf6 4. Nc3 dxc4 5. e4 b5 6. e5 Nd5 7. Nxb5 Nb6 8. Be2
Be7 9. O-O Nc6 10. Be3 O-O 11. Qc1 Ba6 12. Nc3 Rb8 13. Rd1 Nb4 14. a3 Nd3 15.
Qc2 Qc8 16. Ne1 Nxe1 17. Rxe1 c5 18. Bf3 cxd4 19. Bxd4 Rd8 20. Rad1 Bc5 21. Qe4
Bb7 22. Qf4 Bxf3 23. gxf3 Nd5 24. Nxd5 Rxd5 25. Bc3 Qd7 26. Rxd5 Qxd5 27. Qe4
Rd8 28. Qxd5 exd5 29. Rc1 Kf8 30. f4 g6 31. Kg2 Ke7 32. Kf3 Ke6 33. Ba5 Rb8 34.
Rc2 Rb3+ 35. Ke2 Kf5 36. Bd2 Rh3 37. Be3 Bxe3 38. fxe3 Rxh2+ 0-1

[Event "Titled Tue 27th May Late"]
[Site "chess.com INT"]
[Date "2025.05.27"]
[Round "1"]
[White "Zahedifar, Anahita"]
[Black "Fascio Outerbridge, Arno Augusto"]
[Result "1-0"]
[WhiteTitle "WFM"]
[BlackTitle "CM"]
[WhiteElo "2143"]
[BlackElo "2060"]
[WhiteFideId "12560715"]
[BlackFideId "6610862"]
[EventDate "2025.05.27"]

1. d4 Nf6 2. c4 c5 3. d5 b5 4. cxb5 a6 5. bxa6 Bxa6 6. Nf3 g6 7. Nc3 Bg7 8. d6
O-O 9. dxe7 Qxe7 10. g3 Nc6 11. Bg2 d5 12. O-O d4 13. Nb1 Bxe2 14. Qe1 Bxf1 15.
Qxf1 Rac8 16. Nbd2 h6 17. Nc4 Rfe8 18. Bd2 Nd5 19. Re1 Qd7 20. Bh3 f5 21. Rd1
Ndb4 22. a3 Nd5 23. Bg2 Rcd8 24. Nh4 Qf7 25. Bf3 Ne5 26. Nxe5 Rxe5 27. Ba5 Rde8
28. Qb5 Re1+ 29. Rxe1 Rxe1+ 30. Bxe1 Bf8 31. Qc6 Nf6 32. Bd2 g5 33. Nxf5 1-0

[Event "Titled Tue 27th May Late"]
[Site "chess.com INT"]
[Date "2025.05.27"]
[Round "1"]
[White "Dubnevych, Maksym"]
[Black "Meissner, Felix"]
[Result "1-0"]
[WhiteTitle "FM"]
[BlackTitle "FM"]
[WhiteElo "2292"]
[BlackElo "2358"]
[WhiteFideId "14184001"]
[BlackFideId "24671827"]
[EventDate "2025.05.27"]

1. Nc3 c6 2. d4 d5 3. Bf4 Nf6 4. e3 g6 5. Nf3 Nh5 6. Be5 f6 7. Bg3 f5 8. Be5 Nf6
9. h4 Nbd7 10. h5 Rg8 11. hxg6 hxg6 12. Bf4 Ne4 13. Nxe4 dxe4 14. Ng5 Nf6 15.
Bc4 Nd5 16. Be5 e6 17. Nh3 Bd6 18. Bxd6 Qxd6 19. Bxd5 exd5 20. Ng5 Qf6 21. f4
exf3 22. Nxf3 Be6 23. Ne5 O-O-O 24. Qf3 g5 25. O-O-O Rh8 26. g4 Rh4 27. gxf5
Qxf5 28. Qg3 Rdh8 29. Rhf1 Qe4 30. Nf7 Rh2 31. Nd6+ 1-0

[Event "Titled Tue 27th May Late"]
[Site "chess.com INT"]
[Date "2025.05.27"]
[Round "1"]
[White "Ernst, Robert"]
[Black "Hernandez Bonilla, Amelia"]
[Result "1-0"]
[WhiteTitle "FM"]
[BlackTitle "WFM"]
[WhiteElo "2340"]
[BlackElo "1976"]
[WhiteFideId "1662643"]
[BlackFideId "3900193"]
[EventDate "2025.05.27"]

1. d4 Nf6 2. c4 e6 3. Nc3 Bb4 4. Qc2 b6 5. e4 O-O 6. Bd3 h6 7. Ne2 Bb7 8. O-O d6
9. f3 e5 10. d5 Bc5+ 11. Kh1 Nbd7 12. a3 a5 13. Rb1 Nh5 14. b4 axb4 15. axb4 Bd4
16. Nxd4 exd4 17. Nb5 Qh4 18. Kg1 Ne5 19. Nxc7 Rac8 20. Nb5 Rfd8 21. Rb3 Ba6 22.
Qf2 Qxf2+ 23. Kxf2 Nxc4 24. Na7 Rc7 25. Nc6 Rdc8 26. b5 Na5 27. Nxa5 bxa5 28.
bxa6 Rxc1 29. Rxc1 Rxc1 30. a7 1-0

[Event "Titled Tue 27th May Late"]
[Site "chess.com INT"]
[Date "2025.05.27"]
[Round "1"]
[White "Povshednyi, Ivan"]
[Black "Nikhil, M"]
[Result "1-0"]
[WhiteTitle "FM"]
[BlackTitle "CM"]
[WhiteElo "2320"]
[BlackElo "2261"]
[WhiteFideId "14190907"]
[BlackFideId "35015966"]
[EventDate "2025.05.27"]

1. d4 Nf6 2. c4 e6 3. Nc3 d5 4. cxd5 exd5 5. Bg5 Be7 6. e3 c6 7. Bd3 O-O 8. h3
Ne8 9. Bf4 Bd6 10. Nge2 Nd7 11. O-O Ndf6 12. Qc2 h6 13. Rae1 Be6 14. Bxd6 Nxd6
15. f3 Rc8 16. Nf4 c5 17. dxc5 Rxc5 18. Qf2 Nc4 19. Rd1 Qb6 20. Na4 Qc6 21. Nxc5
Qxc5 22. Bxc4 dxc4 23. e4 Qe5 24. Nxe6 fxe6 25. Qd4 Qg3 26. Qxc4 Re8 27. Qd4 Nh5
28. Qf2 Qe5 29. f4 Qxe4 30. Qf3 Qe3+ 31. Qxe3 1-0

[Event "Titled Tue 27th May Late"]
[Site "chess.com INT"]
[Date "2025.05.27"]
[Round "1"]
[White "Arya G Mallar"]
[Black "Przybylski, Wojciech"]
[Result "0-1"]
[WhiteTitle "WCM"]
[BlackTitle "FM"]
[WhiteElo "2014"]
[BlackElo "2340"]
[WhiteFideId "25115324"]
[BlackFideId "1117599"]
[EventDate "2025.05.27"]

1. c4 Nf6 2. Nc3 e5 3. g3 c6 4. Nf3 e4 5. Nd4 d5 6. cxd5 cxd5 7. Bg2 Be7 8. d3
Qb6 9. Be3 Ng4 10. Nxd5 Qa5+ 11. Nc3 Nxe3 12. fxe3 O-O 13. Bxe4 Bg5 14. Qd2 Nc6
15. Nxc6 bxc6 16. Bxc6 Rb8 17. O-O Qb6 18. Nd5 Qxc6 19. Rf5 Bxf5 20. Qa5 Rb5 0-1

[Event "Titled Tue 27th May Late"]
[Site "chess.com INT"]
[Date "2025.05.27"]
[Round "1"]
[White "Gelman, Alexander"]
[Black "Grahn, Vidar"]
[Result "1-0"]
[WhiteTitle "IM"]
[BlackTitle "FM"]
[WhiteElo "2403"]
[BlackElo "2241"]
[WhiteFideId "4118316"]
[BlackFideId "1744780"]
[EventDate "2025.05.27"]

1. d4 d5 2. Nc3 Nf6 3. Bf4 g6 4. e3 Bg7 5. Qd2 O-O 6. f3 c5 7. g4 Nc6 8. O-O-O
c4 9. h4 h5 10. g5 Ne8 11. e4 dxe4 12. d5 Nb4 13. Kb1 Nd6 14. a3 Na6 15. fxe4
Nc5 16. e5 Nde4 17. Nxe4 Nxe4 18. Qe3 Bf5 19. Bg2 Qb6 20. Ne2 Qxe3 21. Bxe3 Nf2
22. Bxf2 1-0

[Event "Titled Tue 27th May Late"]
[Site "chess.com INT"]
[Date "2025.05.27"]
[Round "1"]
[White "Korkmaz, Necmettin"]
[Black "Gorodetzky, David"]
[Result "0-1"]
[WhiteTitle "CM"]
[BlackTitle "IM"]
[WhiteElo "2059"]
[BlackElo "2481"]
[WhiteFideId "6303285"]
[BlackFideId "2813416"]
[EventDate "2025.05.27"]

1. e4 a6 2. d4 e6 3. Bd3 d5 4. e5 c5 5. c3 Bd7 6. a4 Qa5 7. Bd2 Qb6 8. Na3 c4 9.
Be2 Qxb2 10. Nc2 Qb6 11. Nf3 Nc6 12. O-O Na5 13. Bf4 Nb3 14. Ra2 Ne7 15. Nd2 Qa5
16. Nb4 Nxd4 17. Bxc4 Ng6 18. Bg3 Rc8 19. Nb3 Nxb3 20. Bxb3 Rxc3 21. Nd3 Be7 22.
f4 O-O 23. f5 exf5 24. Nf4 Qb6+ 25. Bf2 Qxb3 26. Nxd5 Qxa2 0-1

[Event "Titled Tue 27th May Late"]
[Site "chess.com INT"]
[Date "2025.05.27"]
[Round "1"]
[White "Nguyen, Ngoc Truong Son"]
[Black "Yanev, Tihomir"]
[Result "1-0"]
[WhiteTitle "GM"]
[BlackTitle "IM"]
[WhiteElo "2632"]
[BlackElo "2354"]
[WhiteFideId "12401110"]
[BlackFideId "2910110"]
[EventDate "2025.05.27"]

1. e4 c6 2. d4 d5 3. e5 g6 4. h4 h5 5. c4 Bg7 6. Nc3 Nh6 7. Bxh6 Bxh6 8. Nf3 O-O
9. Be2 dxc4 10. Ng5 c5 11. d5 Qc7 12. f4 b5 13. g4 b4 14. Nce4 Nd7 15. d6 exd6
16. Nxd6 Bb7 17. Rg1 Rad8 18. gxh5 Nxe5 19. fxe5 Qe7 20. hxg6 Qxe5 21. Ngxf7 Qh2
22. Nxh6+ Kg7 23. Ndf5+ Rxf5 24. Nxf5+ 1-0

[Event "Titled Tue 27th May Late"]
[Site "chess.com INT"]
[Date "2025.05.27"]
[Round "1"]
[White "Garcia Garcia, Samuel 2002 I"]
[Black "Caprio, Guido"]
[Result "0-1"]
[WhiteTitle "CM"]
[BlackTitle "IM"]
[WhiteElo "2096"]
[BlackElo "2435"]
[WhiteFideId "24576158"]
[BlackFideId "834580"]
[EventDate "2025.05.27"]

1. e4 c5 2. Nf3 d6 3. d4 cxd4 4. Nxd4 Nf6 5. Nc3 a6 6. h3 g6 7. Be3 Bg7 8. g4
O-O 9. Bg2 Nc6 10. O-O Bd7 11. a4 Rc8 12. Nd5 e5 13. Nxc6 Bxc6 14. Nxf6+ Bxf6
15. Qd2 Qe7 16. c3 Rfd8 17. Rfd1 Qe6 18. a5 Rd7 19. Bb6 Qe7 20. c4 Bg5 21. Qd3
Kg7 22. b3 Rh8 23. Be3 h5 24. Bxg5 Qxg5 25. Qg3 hxg4 26. Qxg4 Qf6 27. Rd3 Rh4
28. Qe2 Rd8 29. Rad1 Qg5 30. Rxd6 Rxe4 31. Qf1 Rxd6 32. Rxd6 Re1 0-1

[Event "Titled Tue 27th May Late"]
[Site "chess.com INT"]
[Date "2025.05.27"]
[Round "1"]
[White "Le, Tuan Minh"]
[Black "Dudzinski, Pawel"]
[Result "1-0"]
[WhiteTitle "GM"]
[BlackTitle "FM"]
[WhiteElo "2598"]
[BlackElo "2191"]
[WhiteFideId "12401153"]
[BlackFideId "1117890"]
[EventDate "2025.05.27"]

1. d4 f5 2. e4 fxe4 3. Nc3 Nf6 4. Bg5 Nc6 5. d5 Ne5 6. Qe2 Nf7 7. Bxf6 exf6 8.
Nxe4 Be7 9. d6 cxd6 10. Nc3 O-O 11. O-O-O Re8 12. Nd5 f5 13. f4 Bf8 14. Qc4 Rb8
15. Nf3 b5 16. Qb3 h6 17. Bd3 g6 18. Rhe1 Bg7 19. g4 fxg4 20. Bxg6 gxf3 21. Nf6+
Qxf6 22. Bxf7+ Kh7 23. Qd3+ 1-0

[Event "Titled Tue 27th May Late"]
[Site "chess.com INT"]
[Date "2025.05.27"]
[Round "1"]
[White "Miszler, Levente"]
[Black "Firouzja, Alireza"]
[Result "0-1"]
[WhiteTitle "FM"]
[BlackTitle "GM"]
[WhiteElo "2261"]
[BlackElo "2757"]
[WhiteFideId "763276"]
[BlackFideId "12573981"]
[EventDate "2025.05.27"]

1. Nf3 Nf6 2. c4 g6 3. g3 Bg7 4. Bg2 O-O 5. O-O d6 6. Nc3 e5 7. d3 Re8 8. e4 c6
9. Rb1 h6 10. Re1 Be6 11. b4 Nbd7 12. a4 Rc8 13. h3 d5 14. exd5 cxd5 15. Nxd5
Nxd5 16. cxd5 Bxd5 17. d4 exd4 18. Rxe8+ Qxe8 19. Bb2 Be4 20. Ra1 d3 21. Bxg7
Kxg7 22. Qd2 Nf6 23. Re1 Rc2 24. Qe3 Qxa4 25. Nd4 d2 26. Nxc2 Qxc2 27. Bxe4
dxe1=R+ 28. Qxe1 Qxe4 0-1

[Event "Titled Tue 27th May Late"]
[Site "chess.com INT"]
[Date "2025.05.27"]
[Round "1"]
[White "Senthilkumar, Pranav"]
[Black "Eljanov, Pavel"]
[Result "0-1"]
[WhiteTitle "CM"]
[BlackTitle "GM"]
[WhiteElo "2061"]
[BlackElo "2668"]
[WhiteFideId "2083477"]
[BlackFideId "14102951"]
[EventDate "2025.05.27"]

1. d4 d5 2. Nf3 Nf6 3. c4 e6 4. g3 Bb4+ 5. Bd2 Be7 6. Bg2 c6 7. b3 b6 8. O-O Ba6
9. Ne5 Nfd7 10. cxd5 Nxe5 11. dxe5 cxd5 12. Bc3 Nc6 13. Nd2 O-O 14. Nf3 Rc8 15.
Bb2 b5 16. Nd4 Qb6 17. Re1 b4 18. Nxc6 Rxc6 19. e4 dxe4 20. Bxe4 Rd8 21. Qf3
Rcc8 22. Red1 g6 23. Rxd8+ Rxd8 24. Rd1 Bc5 25. Rxd8+ Qxd8 26. Bc1 Qd4 27. Bf4
Qa1+ 28. Kg2 Qf1# 0-1

[Event "Titled Tue 27th May Late"]
[Site "chess.com INT"]
[Date "2025.05.27"]
[Round "1"]
[White "Dambaev, Dashi"]
[Black "Karamsetty, Jeevan"]
[Result "0-1"]
[WhiteTitle "CM"]
[BlackTitle "FM"]
[WhiteElo "2211"]
[BlackElo "2244"]
[WhiteFideId "55628494"]
[BlackFideId "2025337"]
[EventDate "2025.05.27"]

1. e4 d6 2. d4 Nf6 3. Nc3 e5 4. Nf3 Nbd7 5. Bc4 Be7 6. O-O O-O 7. a4 h6 8. Re1
c6 9. h3 Re8 10. a5 Qc7 11. Qe2 Bf8 12. d5 cxd5 13. Bxd5 Nxd5 14. Nxd5 Qd8 15.
Nd2 Nf6 16. Nxf6+ Qxf6 17. Nc4 Be6 18. Ne3 Rac8 19. c3 a6 20. Rd1 Qg6 21. Nd5
Bxh3 22. g3 f5 23. exf5 Bxf5 24. Be3 Be4 25. Kh2 Qf7 26. Nb6 Bf3 0-1

[Event "Titled Tue 27th May Late"]
[Site "chess.com INT"]
[Date "2025.05.27"]
[Round "1"]
[White "Dilmukhametov, Artur"]
[Black "Morris-Suzuki, Alan H"]
[Result "0-1"]
[WhiteTitle "FM"]
[WhiteElo "2276"]
[BlackElo "1986"]
[WhiteFideId "24179922"]
[BlackFideId "30933218"]
[EventDate "2025.05.27"]

1. Nf3 g6 2. d4 Bg7 3. c4 d6 4. g3 Nc6 5. Bg2 e5 6. dxe5 dxe5 7. Qxd8+ Nxd8 8.
Nc3 c6 9. O-O Be6 10. Nd2 f5 11. b3 Nf6 12. Ba3 e4 13. Rac1 Nf7 14. e3 O-O-O 15.
Rfd1 Ne5 16. Na4 Nd3 17. Rc2 Ng4 18. Nc5 Ndxf2 19. Nxe6 Nxd1 20. Nxg7 Ngxe3 21.
Rb2 Nxb2 22. Nf1 Nbd1 23. Ne6 Rd7 24. Nc5 Rdd8 25. g4 Nxg2 26. Kxg2 b6 27. Ne6
Rd3 28. Nf4 Rc3 29. gxf5 gxf5 30. Ne6 Rg8+ 31. Kh1 Nf2# 0-1